MARC details
| 000 -LEADER |
| fixed length control field |
01904nam a2200265 a 4500 |
| 008 - FIXED-LENGTH DATA ELEMENTS--GENERAL INFORMATION |
| fixed length control field |
120416s1965 ||||||||||||||||| || u |
| 020 ## - INTERNATIONAL STANDARD BOOK NUMBER |
| International Standard Book Number |
0130023949 |
| 050 ## - LIBRARY OF CONGRESS CALL NUMBER |
| Classification number |
HF 5635 Hor |
| 100 ## - MAIN ENTRY--PERSONAL NAME |
| Personal name |
Horngren, Charles T |
| 245 10 - TITLE STATEMENT |
| Title |
Accounting for management control: an introduction. |
| 260 ## - PUBLICATION, DISTRIBUTION, ETC. |
| Place of publication, distribution, etc. |
Englewood Cliffs, N.J.: |
| Name of publisher, distributor, etc. |
FT Prentice-Hall |
| Date of publication, distribution, etc. |
1965 |
| 300 ## - PHYSICAL DESCRIPTION |
| Extent |
xiv, 498p. : ill. |
| 350 ## - |
| -- |
0.00 |
| 650 #0 - SUBJECT ADDED ENTRY--TOPICAL TERM |
| Topical term or geographic name entry element |
ACCOUNTING--HANDBOOKS, MANUALS, ETC |
| 650 #0 - SUBJECT ADDED ENTRY--TOPICAL TERM |
| Topical term or geographic name entry element |
MANAGERIAL ACCOUNTING |
| 995 ## - |
| -- |
ANNEX COLLECTION (Main Library) |
| -- |
0.00 |
| -- |
106354 |
| -- |
CBU-MAIN LIBRARY (Kitwe) |
| -- |
5 |
| -- |
5.95 |
| -- |
HF 5635 Hor |
| -- |
1 |
| -- |
AVAILABLE |
| -- |
005734 |
| -- |
Annex Low-Usage Collection |
| 995 ## - |
| -- |
TEXTBOOKS (SB) |
| -- |
0.00 |
| -- |
1563 |
| -- |
CBU-SCHOOL TEXTBOOK COLLECTIONS |
| -- |
1 |
| -- |
0.00 |
| -- |
SCHOOL TEXTBOOK |
| -- |
10 |
| -- |
AVAILABLE |
| -- |
Sep 21, 2009 |
| -- |
1563 |
| -- |
School Collections |
| 995 ## - |
| -- |
ANNEX COLLECTION (Main Library) |
| -- |
0.00 |
| -- |
106355 |
| -- |
CBU-MAIN LIBRARY (Kitwe) |
| -- |
6 |
| -- |
5.95 |
| -- |
HF 5635 Hor |
| -- |
2 |
| -- |
AVAILABLE |
| -- |
005735 |
| -- |
Annex Low-Usage Collection |
| 995 ## - |
| -- |
ANNEX COLLECTION (Main Library) |
| -- |
0.00 |
| -- |
106357 |
| -- |
CBU-MAIN LIBRARY (Kitwe) |
| -- |
4 |
| -- |
5.95 |
| -- |
HF 5635 Hor |
| -- |
4 |
| -- |
AVAILABLE |
| -- |
005737 |
| -- |
Annex Low-Usage Collection |
| 995 ## - |
| -- |
ANNEX COLLECTION (Main Library) |
| -- |
0.00 |
| -- |
106356 |
| -- |
CBU-MAIN LIBRARY (Kitwe) |
| -- |
1 |
| -- |
5.95 |
| -- |
HF 5635 Hor |
| -- |
3 |
| -- |
AVAILABLE |
| -- |
005736 |
| -- |
Annex Low-Usage Collection |
| 995 ## - |
| -- |
TEXTBOOKS (SB) |
| -- |
0.00 |
| -- |
1562 |
| -- |
CBU-SCHOOL TEXTBOOK COLLECTIONS |
| -- |
1 |
| -- |
0.00 |
| -- |
SCHOOL TEXTBOOK |
| -- |
9 |
| -- |
AVAILABLE |
| -- |
Sep 21, 2009 |
| -- |
1562 |
| -- |
School Collections |
| 995 ## - |
| -- |
TEXTBOOKS (SB) |
| -- |
0.00 |
| -- |
01386 |
| -- |
CBU-SCHOOL TEXTBOOK COLLECTIONS |
| -- |
1 |
| -- |
0.00 |
| -- |
SCHOOL TEXTBOOK |
| -- |
11 |
| -- |
AVAILABLE |
| -- |
Sep 23, 2009 |
| -- |
01386 |
| -- |
School Collections |
| 995 ## - |
| -- |
TEXTBOOKS (SB) |
| -- |
0.00 |
| -- |
1560 |
| -- |
CBU-SCHOOL TEXTBOOK COLLECTIONS |
| -- |
1 |
| -- |
0.00 |
| -- |
SCHOOL TEXTBOOK |
| -- |
7 |
| -- |
AVAILABLE |
| -- |
Sep 21, 2009 |
| -- |
1560 |
| -- |
School Collections |
| 995 ## - |
| -- |
TEXTBOOKS (SB) |
| -- |
0.00 |
| -- |
1561 |
| -- |
CBU-SCHOOL TEXTBOOK COLLECTIONS |
| -- |
1 |
| -- |
0.00 |
| -- |
SCHOOL TEXTBOOK |
| -- |
8 |
| -- |
AVAILABLE |
| -- |
Sep 21, 2009 |
| -- |
1561 |
| -- |
School Collections |
| 999 ## - |
| -- |
75597 |
| -- |
75597 |